May cause irritation / (Record no. 1450)

MARC details
000 -LEADER
fixed length control field 01097nam a22002297a 4500
005 - DATE AND TIME OF LATEST TRANSACTION
control field 20240306161156.0
020 ## - INTERNATIONAL STANDARD BOOK NUMBER
International Standard Book Number 9781408313046
040 ## - CATALOGING SOURCE
Original cataloging agency FISKH
Language of cataloging eng
082 ## - DEWEY DECIMAL CLASSIFICATION NUMBER
Classification number 823.92
100 ## - MAIN ENTRY--PERSONAL NAME
Personal name Meres, Jonathan
245 ## - TITLE STATEMENT
Title May cause irritation /
Statement of responsibility, etc. Jonathan Meres
250 ## - EDITION STATEMENT
Edition statement This edition published in 2016 by the Watts Publishing Group
260 ## - PUBLICATION, DISTRIBUTION, ETC.
Place of publication, distribution, etc. Croydon :
Name of publisher, distributor, etc. Orchard,
Date of publication, distribution, etc. 2012
300 ## - PHYSICAL DESCRIPTION
Extent 274 pages, 14 unnumbered pages :
Other physical details illustrations ;
Dimensions 20 cm.
490 ## - SERIES STATEMENT
Series statement The world of Norm
Volume/sequential designation Book 2
505 ## - FORMATTED CONTENTS NOTE
Formatted contents note H
520 ## - SUMMARY, ETC.
Summary, etc. It might be a dream, but Norm soon finds that things go from bad to worse - when his perfect cousins arrive for a walk. If there was one thing worse than spending time with his perfect cousins it was being forced to go on a flipping walk with them! What's the point in going for a walk - except to get from A to B?! Jonathan Meres follows up May Contain Nuts with another laugh-out-loud story about Norm, a boy who can't understand why everything always seems unfair ...<br/>
521 ## - TARGET AUDIENCE NOTE
Target audience note 530 <br/>
Source Lexile
521 ## - TARGET AUDIENCE NOTE
Target audience note H <br/>
Source Raz-Plus
942 ## - ADDED ENTRY ELEMENTS (KOHA)
Source of classification or shelving scheme Dewey Decimal Classification
Koha item type Books
Suppress in OPAC No
999 ## -
-- 1450
-- 1450
Holdings
Withdrawn status Lost status Source of classification or shelving scheme Damaged status Not for loan Collection Home library Current library Shelving location Date acquired Total Checkouts Full call number Barcode Date last seen Price effective from Koha item type Copy number
    Dewey Decimal Classification     Juvenile Fiction Footprints International School Library Network Toul Kork Campus Footprints International School Library Network Toul Kork Campus TK Primary Library Room(4th Floor), Bookcase 3&4, Shelves 17-32, Yellow Books 08/25/2023   MER 823.92 PZ7 FISTK05299 08/25/2023 08/25/2023 Books  
    Dewey Decimal Classification     Juvenile Fiction Footprints International School Library Network Toul Kork Campus Footprints International School Library Network Toul Kork Campus TK Primary Library Room(4th Floor), Bookcase 3&4, Shelves 17-32, Yellow Books 08/25/2023   MER 823.92 PZ7 2024-0265 03/06/2024 08/25/2023 Books 2